Entry Nombre personal
001 - NÚMERO DE CONTROL
- campo de control: 16971
003 - IDENTIFICADOR DEL NÚMERO DE CONTROL
- campo de control: BNPHU
005 - FECHA Y HORA DE LA ÚLTIMA TRANSACCIÓN
- campo de control: 20240502094959.0
008 - DATOS DE LONGITUD FIJA
- campo de control de longitud fija: 200615|| aca||aabn | a|a d
010 ## - NÚMERO DE CONTROL DE LA BIBLIOTECA DEL CONGRESO
- Número de control de LC: n 80039693
040 ## - FUENTE DE LA CATALOGACIÓN
- Centro catalogador/agencia de origen: DO-SdBNP
- Lengua de catalogación: spa
- Centro/agencia transcriptor: BNPHU
- Normas de descripción: rda
100 1# - ENCABEZAMIENTO-NOMBRE DE PERSONA
- Nombre de persona: Castro, Fidel
- Fechas asociadas al nombre: 1926-2016
370 ## - LUGAR ASOCIADO
- Fuente del término: naf
- Lugar de nacimiento: Birán (Cuba)
- Lugar de fallecimiento: Havana (Cuba)
- País asociado: Cuba
372 ## - CAMPO DE ACTIVIDAD
- Fuente del término: lcsh
- Campo de actividad: Cuba--Politics and government
374 ## - OCUPACIÓN
- Fuente del término: lcsh
- Ocupación: Politico
- Ocupación: Primer ministro
- Ocupación: Primer ministro
- Ocupación: Presidente
375 ## - GÉNERO/SEXO
- Género/Sexo: Masculino
377 ## - LENGUA/LENGUAJE ASOCIADO
- Código del idioma: spa
378 ## - FORMA COMPLETA/DESARROLLADA DEL NOMBRE
- Forma completa/desarrollada del nombre: Fidel Alejandro Castro Ruz
400 1# - TRAZADO DE VÉASE--NOMBRE DE PERSONA
- Nombre de persona: Castro, Fidel,
- Fechas asociadas al nombre: 1926-
- Subcampo de control: nne
400 1# - TRAZADO DE VÉASE--NOMBRE DE PERSONA
- Nombre de persona: Kastro Rus, Fidel,
- Fechas asociadas al nombre: 1926-
400 1# - TRAZADO DE VÉASE--NOMBRE DE PERSONA
- Nombre de persona: Kastru, Fidayl,
- Fechas asociadas al nombre: 1926-
400 1# - TRAZADO DE VÉASE--NOMBRE DE PERSONA
- Nombre de persona: Ruz, Fidel Castro,
- Fechas asociadas al nombre: 1926-
400 1# - TRAZADO DE VÉASE--NOMBRE DE PERSONA
- Nombre de persona: Castro Ruz, Fidel,
- Fechas asociadas al nombre: 1926-
400 1# - TRAZADO DE VÉASE--NOMBRE DE PERSONA
- Nombre de persona: Kaxtro, Fidel,
- Fechas asociadas al nombre: 1926-
510 ## - TRAZADO DE VÉASE ADEMÁS--NOMBRE DE ENTIDAD CORPORATIVA
- Nombre de entidad corporativa o nombre de jurisdicción como elemento de entrada: Cuba
- Unidad subordinada: Presidente (1959- : Castro)
670 ## - FUENTE DE DATOS ENCONTRADOS
- Cita de la fuente: Work cat.: (OSt)5819: Castro, Fidel (Fidel Alejandro Castro Ruz), 1926- 16176, Así se derrotó al imperialismo :, 1978.
670 ## - FUENTE DE DATOS ENCONTRADOS
- Identificador Uniforme del Recurso: https://authorities.loc.gov/cgi-bin/Pwebrecon.cgi?AuthRecID=3764651&v1=1&HC=1&SEQ=20240502091604&PID=QQBX6jQpysOYHgOE96Rqj3aTUcK7 Consultado en 02 de Mayo, 2024
670 ## - FUENTE DE DATOS ENCONTRADOS
- Identificador Uniforme del Recurso: https://librunam.dgb.unam.mx:8443/F/69FLU2X89I67SA6AXIEAY7FEE8RB1XADBMS5YT6TKAVF71SLY8-06643?func=full-set-set&set_number=006884&set_entry=000001&format=001 Consultado en 02 de Mayo, 2024
